Учетные карточки по средним учебным заведениям Министерства народного просвещения городов Данков - Дубно

Доступно только в Электронных читальных залах Найти на картеНа карте
RUSMARC
00003565nmc2a22002413x 450
001745d0ec0-5a02-40be-87db-989676ff3b09
00520230831164515.0
100##$a20221223l18631917k l0rusy0189 ca
1010#$arus
102##$aRU
105##$ay###
1222#$ad
2001#$aУчетные карточки по средним учебным заведениям Министерства народного просвещения городов Данков - Дубно
$jбез даты
215##$a7 л.
$d32х23 см
251##$cДело
300##$aДело
371##$aДокумент не является опубликованным и широко распространяемым
461#0$1001a74412a3-3cc5-4d21-8f0a-dfe2fbd9e72d
$12001
$aДепартамент народного просвещения Министерства народного просвещения (1803-1917)
$1251
$cФонд
$1852
$j733
462#0$1001eee5cd01-9790-469a-9945-6bffddbc7761
$12001
$aРазряд общих дел
$1251
$cОпись
$1852
$j228
801#0$aRU
$bРГИА
$c20221223
$gRCR
801#1$aRU
$bГлавНИВЦ
$c20221223
$2rusmarc
801#2$aRU
$bПБ им. Б.Н. Ельцина
$c20230831
$gRCR
$2rusmarc
850##$aРГИА
852##$aРГИА
$eФедеральное казенное учреждение "Российский государственный исторический архив" (РГИА)
$j183
937##$hРГИА
$d12396412
$aASBIBLIO_SCAN
035##$aRusGRCC00059019
856##$uhttp://readingroom.main.prlib.ru/item.aspx?id_node=n187294972&mode=full
Формат отображения